Vyhodnocování nákladů - pomocník při prosazování TQM

Presadzovanie filozofie TQM, zdokonaľovanie akosti v podnikovom systéme. Vzťah medzi ziskom, akosťou a nákladmi - manažment podniku ho musí analyzovať. Dôležitá analýza nákladov (metódy a nástroje, aplikácia Paretovej analýzy).

Gespeichert in:
Bibliographische Detailangaben
1. Verfasser: Vaněk, J.
Weitere Verfasser: Horáček, Vladimír
Format: Buchkapitel
Sprache:Tschechisch
Schlagworte:
Tags: Tag hinzufügen
Keine Tags, Fügen Sie das erste Tag hinzu!

MARC

LEADER 00000naa a2200000 4500
001 r016649
005 20221205090700.3
041 0 |a cze 
044 |a CZ 
245 1 0 |a Vyhodnocování nákladů - pomocník při prosazování TQM  |c J. Vaněk, V. Horáček 
520 |a Presadzovanie filozofie TQM, zdokonaľovanie akosti v podnikovom systéme. Vzťah medzi ziskom, akosťou a nákladmi - manažment podniku ho musí analyzovať. Dôležitá analýza nákladov (metódy a nástroje, aplikácia Paretovej analýzy). 
610 2 0 |a kvalita 
610 2 0 |a TQM 
610 2 0 |a podnik 
610 2 0 |a analýza nákladov 
610 2 0 |a náklady 
610 2 0 |a zisk 
610 2 0 |a manažment 
100 1 |a Vaněk, J. 
700 1 |a Horáček, Vladimír